000 00375nam a22001817a 4500
003 UA-OsUOA
001 4025
005 20190720154800.0
007 ta
008 20050721b un ||||| |||| 00| 0 ukr d
100 _aAverne
700 _aJean
942 _cBK
040 _aUA-OsUOA
_cUA-OsUOA
_dUA-OsUOA
245 _aQui es-tu? Tigre.
_bFrench
955 _a2
650 7 _2UDC
999 _c290187
_d290187